| LEADER |
00827nam0a2200217 450 |
| 001 |
16809425 |
| 010 |
|
|
|a 978-2-87833-460-9
|b Cart.
|d 12
|
| 100 |
|
|
|a 20081106d2008 u u0frey01 ba
|
| 101 |
0 |
|
|a fre
|
| 102 |
|
|
|a FR
|
| 200 |
0 |
|
|a monde des déchets (Le)
|f Denys Prache
|g ill. de Dominique Billout
|
| 207 |
|
1 |
|a
|
| 210 |
|
|
|a Paris
|b 26, rue des Ecoles.
|c Circonflexe
|d 2008
|
| 215 |
|
|
|a 31 p.
|c ill. en coul.
|d 28 cm
|
| 225 |
1 |
|
|a Aux couleurs du monde
|x 1150-3556
|
| 330 |
|
|
|a Histoire des déchets domestiques et industriels, de leur collecte, leur traitement et de leur éventuel recyclage.
|
| 700 |
|
0 |
|a Prache
|b Denys
|4 70
|
| 701 |
|
0 |
|a Billout
|b Dominique
|4 440
|
| 900 |
|
|
|a Documentaire jeunesse
|
| 901 |
|
|
|a Accessible au prêt
|
| 995 |
|
|
|a BD 13
|b 156
|c Bibliothèque
|f 00156007318686
|h 00156007318686
|k E 628 PRA
|o p
|q j
|r az
|e BD 13
|